书目信息 |
| 题名: |
水泵及水泵站 第三版
|
|
| 作者: | 姜乃昌 主编 | |
| 分册: | ||
| 出版信息: | 北京 中国建筑工业出版社 1993.06 |
|
| 页数: | 214页 | |
| 开本: | 16开 | |
| 丛书名: | ||
| 单 册: | ||
| 中图分类: | TU991.35-43 | |
| 科图分类: | ||
| 主题词: | 给水工程:市政工程 , 城市供水系统 | |
| 电子资源: | ||
| ISBN: | 7-112-01826-9 | |
| 000 | 00625nam0 2200205 45 | |
| 001 | 0012101080 | |
| 005 | 20010104162026.6 | |
| 010 | @a7-112-01826-9@d12.80元 | |
| 100 | @a20001210d1993 km y0chiy0120 ea | |
| 101 | 0 | @achi |
| 105 | @a z 000yy | |
| 200 | 1 | @a水泵及水泵站 第三版@AShui Beng Ji Shui Beng Zhan Di San Ban@f姜乃昌主编@FJiang Nai Chang Zhu Bian |
| 210 | @a北京@c中国建筑工业出版社@d1993.06 | |
| 215 | @a214页@d16开 | |
| 606 | 0 | @a给水工程:市政工程 |
| 606 | 0 | @a城市供水系统 |
| 690 | @aTU991.35-43@v3 | |
| 701 | 0 | @a姜乃昌@4主编 |
| 801 | @aCN@bPftUser@c20001210 | |
| 905 | @dTU991.35-43@eJ117=3@b518350-358@f9 | |
| 水泵及水泵站 第三版/姜乃昌主编.-北京:中国建筑工业出版社,1993.06 |
| 214页;16开 |
| ISBN 7-112-01826-9:12.80元 |
| ● |
| 相关链接 |
|
|
|
正题名:水泵及水泵站第三版
索取号:TU991.35-43/J117=3
 
预约/预借
| 序号 | 登录号 | 条形码 | 馆藏地/架位号 | 状态 | 备注 |
| 1 | 518350 | 205183503 | 建筑库201/201建筑库 134排1列4层/ [索取号:TU991.35-43/J117=3] | 在馆 | |
| 2 | 518351 | 205183512 | 能源与建筑环境工程学院资料室/404自科库 18排6列6层/ [索取号:TU991.35-43/J117=3] | 在馆 | |
| 3 | 518352 | 205183521 | 建筑库201/201建筑库 134排1列4层/ [索取号:TU991.35-43/J117=3] | 在馆 | |
| 4 | 518353 | 205183530 | 市政与环境工程学院资料室/101建筑库 97排3列3层/ [索取号:TU991.35-43/J117=3] | 在馆 | |
| 5 | 518354 | 205183549 | 市政与环境工程学院资料室/101建筑库 97排3列3层/ [索取号:TU991.35-43/J117=3] | 在馆 | |
| 6 | 518355 | 205183558 | 自科二线404/404自科库 19排4列1层/ [索取号:TU991.35-43/J117=3] | 在馆 | |
| 7 | 518356 | 205183567 | 建筑库201/ [索取号:TU991.35-43/J117=3] | 在馆 | |
| 8 | 518357 | 205183576 | 建筑库201/201建筑库 134排1列4层/ [索取号:TU991.35-43/J117=3] | 在馆 | |
| 9 | 518358 | 205183585 | 市政与环境工程学院资料室/101建筑库 97排3列3层/ [索取号:TU991.35-43/J117=3] | 在馆 |